000 00713nam a2200229 a 4500
001 BRCA_7964
005 20190320210055.0
008 110314s1963----gw-a###f##---#000-0#ger-#
041 _ager
044 _agw
050 4 _aNK3042
_b.H45
_c1963
100 1 _aHeinz, Dora
_919744
245 1 0 _aEuropäische wandteppiche
_bEin Handbuch für Sammler und Liebhaber
_cDora Heinz.
260 _aAlemania
_bKlinkhardt & Biermann
_c1963
300 _a365 p.
_bil.
_c25 cm.
440 0 _aBibliothek fur Kunts und Antiquitaten freunde
_nXXXVII
_919745
500 _a3129
650 1 4 _aTapices europeos
_vManuales y guías
_919746
650 1 4 _aTapices
_vColeccionistas y colecciones
_919632
902 _aGFM
942 _2lcc
_cB
999 _c7633
_d7633